000 01353nam a2200337Ia 4500
001 ebr2003801
003 CaPaEBR
006 m u
007 cr cn|||||||||
008 750925r19981962enk s 001 0 eng d
020 _z0415176611
040 _aCaPaEBR
_cCaPaEBR
035 _a(OCoLC)70763833
050 1 4 _aHV751.A6
_bK26 1998eb
100 1 _aKastell, Jean.
245 1 0 _aCasework in child care
_h[electronic resource] /
_cForeward by M. Brooke Willis.
260 _aLondon :
_bRoutledge,
_c1998, c1962.
300 _axi, 306 p.
490 1 _aInternational library of sociology. Sociology of youth and adolescence ;
_v4
490 1 _aInternational library of sociology
500 _aOriginally published: London : Routledge & K. Paul, 1962.
500 _aIncludes index.
533 _aElectronic reproduction.
_bPalo Alto, Calif. :
_cebrary,
_d2013.
_nAvailable via World Wide Web.
_nAccess may be limited to ebrary affiliated libraries.
650 0 _aChild welfare
_zGreat Britain.
650 0 _aSocial case work.
655 7 _aElectronic books.
_2local
710 2 _aebrary, Inc.
830 0 _aSociology of youth and adolescence ;
_v4.
830 0 _aInternational library of sociology.
856 4 0 _uhttp://site.ebrary.com/lib/rucke/Doc?id=2003801
_zAn electronic book accessible through the World Wide Web; click to view
999 _c123622
_d123622